「新」を「しん」と読まない駅名 - Statistics

General Stats
  • This quiz has been taken 533 times
  • The average score is 13 of 50
Answer Stats
都道府県 駅名 読み % Correct
新潟県 新潟 にいがた
80%
新潟県 新井 あらい
71%
兵庫県 新井 にい
71%
新潟県 新津 にいつ
63%
三重県 新居 にい
55%
福岡県 西新 にしじん
54%
福島県 新田 にった
54%
宮城県 新田 にった
54%
新潟県 東新潟 ひがしにいがた
43%
埼玉県 新座 にいざ
40%
東京都 西新井 にしあらい
40%
愛媛県 新居浜 にいはま
39%
岡山県 新見 にいみ
38%
新潟県 新潟大学前 にいがただいがくまえ
36%
新潟県 新発田 しばた
33%
群馬県 新川 にっかわ
30%
徳島県 新野 あらたの
29%
兵庫県 新野 にいの
29%
静岡県 新居町 あらいまち
28%
千葉県 新木 あらき
28%
東京都 西新井大師西 にしあらいだいしにし
27%
愛知県 新瑞橋 あらたまばし
25%
東京都 新井薬師前 あらいやくしまえ
23%
新潟県 新崎 にいざき
20%
愛媛県 新谷 にいや
20%
新潟県 東新津 ひがしにいつ
20%
秋田県 新屋 あらや
19%
群馬県 新屋 あらや
19%
埼玉県 新井宿 あらいじゅく
18%
茨城県 新治 にいはり
15%
新潟県 西新発田 にししばた
15%
福島県 小野新町 おのにいまち
14%
神奈川県 新羽 にっぱ
14%
東京都 武蔵新田 むさしにった
14%
新潟県 北新井 きたあらい
13%
長野県 新村 にいむら
13%
三重県 新鹿 あたしか
12%
長野県 北新・松本大学前 きたにい・まつもとだいがくまえ
12%
群馬県 新里 にいさと
12%
青森県 新里 にさと
12%
宮城県 奥新川 おくにっかわ
10%
長野県 下新 しもにい
9%
岡山県 新郷 にいざと
9%
福島県 新鶴 にいつる
9%
千葉県 新田野 にったの
9%
岩手県 新月 にいつき
7%
福井県 新田塚 にったづか
7%
奈良県 新ノ口 にのくち
7%
群馬県 東新川 ひがしにっかわ
5%
群馬県 上州新屋 じょうしゅうにいや
3%
No matching quizzes found
Score Distribution
Percent of People with Each Score
Percentile by Number Answered
Your Score History
You have not taken this quiz